000
00293nam a22001337a 4500
008
171108b xxu||||| |||| 00| 0 eng d
020
_a
9780470643969
041
_a
eng
080
_a
330.322
100
_a
64
101
_a
INV
245
_a
INVESTMENT ILLUSIONS
_c
JOHN.C.B
942
_2
udc
_c
BK
999
_c
38196
_d
38196